Konkurz a vyrovnanie Systematický výklad
Saved in:
| Main Author: | |
|---|---|
| Format: | Book |
| Language: | Slovak |
| Published: |
Bratislava
IURA EDITION
1994
|
| Edition: | 1. vyd. |
| Series: | Praktické príručky
|
| Subjects: | |
| Tags: |
No Tags, Be the first to tag this record!
|
MARC
| LEADER | 00000nam a2200000 4500 | ||
|---|---|---|---|
| 001 | c005285 | ||
| 005 | 20240229122458.5 | ||
| 020 | |a 80-88715-05-9 | ||
| 041 | 0 | |a slo | |
| 044 | |a SK | ||
| 245 | 1 | 0 | |a Konkurz a vyrovnanie |b Systematický výklad |c Vilém Steiner ; Prekl. Iveta Siranková |
| 250 | |a 1. vyd. | ||
| 264 | 1 | |a Bratislava |b IURA EDITION |c 1994 | |
| 300 | |a 202 s. | ||
| 490 | 1 | |a Praktické príručky | |
| 830 | 0 | |a Praktické príručky | |
| 610 | 2 | 0 | |a zákony |
| 610 | 2 | 0 | |a konkurzy |
| 610 | 2 | 0 | |a vyrovnanie |
| 610 | 2 | 0 | |a legislatíva |
| 610 | 2 | 0 | |a poriadok právny |
| 100 | 1 | |a Steiner, Vilém | |